[Event "BCF-chT1c 1415 (4NCL) Promotion pool"]
[Site "England"]
[Date "2015.05.02"]
[Round "9.137"]
[White "Stefanova, Antoaneta"]
[Black "O'Grady, Gary"]
[Result "1-0"]
[WhiteElo "2522"]
[BlackElo "1894"]
[PlyCount "91"]
[EventDate "2014.11.15"]
[EventType "team-tourn"]
[EventRounds "4"]
[EventCountry "ENG"]
[SourceTitle "EXT 2023"]
[Source "ChessBase"]
[SourceDate "2022.10.05"]
[SourceVersion "1"]
[SourceVersionDate "2022.10.05"]
[SourceQuality "1"]
[WhiteTeam "Guildford"]
[BlackTeam "Blackthorne Russia"]
[WhiteTeamCountry "ENG"]
[BlackTeamCountry "ENG"]

1. Nf3 e6 2. g3 f5 3. c4 Nf6 4. Bg2 Be7 5. 0-0 0-0 6. d4 d6 7. Nc3 Ne4 8. Nxe4 fxe4 9. Nd2 d5 10. f3 Nc6 11. fxe4 Rxf1+ 12. Nxf1 dxc4 13. Be3 Bd7 14. e5 Be8 15. Rc1 Rb8 16. Be4 b5 17. b3 cxb3 18. Bxc6 Bxc6 19. Rxc6 bxa2 20. Qa1 b4 21. Qxa2 b3 22. Qb1 a5 23. Ra6 Qd5 24. Nd2 Qb5 25. Qd3 Qd5 26. Nb1 Bb4 27. Bd2 Bxd2 28. Qxd2 Qe4 29. Qd3 Qb7 30. Rxa5 b2 31. Ra3 Qb4 32. Qc3 Qb7 33. Qc4 Qe4 34. Qd3 Qc6 35. Rc3 Qb6 36. Qc4 Qa7 37. Qxe6+ Kh8 38. Rd3 c5 39. Qc4 cxd4 40. Qxd4 Qc7 41. Rc3 Qf7 42. Rf3 Qc7 43. Qd6 Qc1+ 44. Kg2 Rg8 45. Qd3 Qc7 46. Qe4 1-0

[Event "Hastings Masters op 87th"]
[Site "Hastings"]
[Date "2012.01.04"]
[Round "8"]
[White "Wallis, Ian J"]
[Black "O'Grady, Gary"]
[Result "1-0"]
[WhiteElo "2003"]
[BlackElo "1880"]
[PlyCount "111"]
[EventDate "2011.12.28"]
[EventType "swiss"]
[EventRounds "9"]
[EventCountry "ENG"]
[SourceTitle "CBM 146 Extra"]
[Source "ChessBase"]
[SourceDate "2012.02.29"]
[SourceVersion "1"]
[SourceVersionDate "2012.02.29"]
[SourceQuality "1"]

1. e4 c5 2. Nf3 d6 3. d4 cxd4 4. Nxd4 Nf6 5. Nc3 g6 6. Be3 a6 7. Be2 b5 8. Bf3 e5 9. Nb3 Bb7 10. Qd3 Nbd7 11. 0-0-0 Nc5 12. Bxc5 dxc5 13. Qxd8+ Rxd8 14. Na5 Ba8 15. a4 b4 16. Nd5 Nxd5 17. exd5 Bd6 18. Be2 Bc7 19. Nc6 Bxc6 20. dxc6 a5 21. Rxd8+ Kxd8 22. Rd1+ Kc8 23. Rd7 f5 24. Bc4 f4 25. Be6 Kb8 26. Rd5 e4 27. Rxc5 Bb6 28. Rc4 e3 29. f3 Re8 30. Re4 Kc7 31. Kd1 Kd6 32. Bd5 Rxe4 33. Bxe4 Ke6 34. Ke2 Kf6 35. g3 fxg3 36. hxg3 h5 37. c4 g5 38. f4 gxf4 39. gxf4 Ke6 40. f5+ Ke5 41. c5 Bc7 42. Kxe3 h4 43. Kd3 h3 44. Ke3 h2 45. Kd3 Kf6 46. Kd4 Be5+ 47. Kc4 Bc7 48. Kb5 Ke5 49. Bg2 Kxf5 50. Ka6 b3 51. Kb7 Be5 52. c7 Bxb2 53. c8Q+ Kf4 54. Qf8+ Kg5 55. Qg8+ Kf4 56. Qxb3 1-0

[Event "BCF-chT3 0809 (4NCL)"]
[Site "Hinckley Island"]
[Date "2009.03.21"]
[Round "7.3"]
[White "O'Grady, Gary"]
[Black "Andreev, Peter"]
[Result "0-1"]
[WhiteElo "1926"]
[BlackElo "1765"]
[PlyCount "76"]
[EventDate "2008.10.18"]
[EventType "team-swiss"]
[EventRounds "11"]
[EventCountry "ENG"]
[SourceTitle "EXT 2010"]
[Source "ChessBase"]
[SourceDate "2010.11.25"]
[SourceVersion "1"]
[SourceVersionDate "2010.11.25"]
[SourceQuality "1"]
[WhiteTeam "Celtic Tigers II"]
[BlackTeam "AMCA Rhinos"]
[WhiteTeamCountry "ENG"]
[BlackTeamCountry "ENG"]

1. e4 b6 2. d4 Bb7 3. Nc3 e6 4. Nf3 Ne7 5. Bd3 g6 6. 0-0 Bg7 7. Bf4 d6 8. Qd2 h6 9. a4 a6 10. b4 g5 11. Bg3 0-0 12. Ne2 f5 13. exf5 exf5 14. Nxg5 hxg5 15. Qxg5 Nd5 16. Qh5 Qf6 17. Bc4 b5 18. Bb3 bxa4 19. Rxa4 Nd7 20. Nf4 N7b6 21. Ra5 c6 22. Ng6 Rfe8 23. Raa1 Qxd4 24. Qxf5 Qe4 25. Qg5 Bxa1 26. Ne5+ Kh8 27. Nf7+ Kh7 28. Qd2 Qd4 29. Qh6+ Kg8 30. Qg6+ Qg7 31. Nh6+ Kf8 32. Bxd6+ Ne7 33. Qf5+ Bf6 34. Ng8 Qg5 35. Qh7 Nbd5 36. Nxe7 Bxe7 37. Qh8+ Qg8 38. Qh6+ Qg7 0-1